| 000 | 01756cam a22004454i 4500 | ||
|---|---|---|---|
| 003 | PE-LiUPU | ||
| 005 | 20250731173414.0 | ||
| 008 | 150706s2011 pe a r 000 0 spa d | ||
| 035 | _a(Sirsi) a50682 | ||
| 040 |
_aPE-LiUPU _bspa _cPE-LiUPU _erda |
||
| 049 | _aPRUA | ||
| 082 | 0 | 4 |
_a234.4 _bN95 _221 |
| 100 | 1 |
_aNúñez, Emil, _eautor. |
|
| 245 | 1 | 3 |
_aLa purificación : _bcómo purificarse / _cEmil Núñez. |
| 264 | 1 |
_aLima : _b[Imagen y Visión], _c2011. |
|
| 300 |
_a349 páginas : _bilustraciones ; _c21 centímetros |
||
| 336 |
_atext _2rdacontent |
||
| 337 |
_aunmediated _2rdamedia |
||
| 338 |
_avolume _2rdacarrier |
||
| 505 | 0 | _aLa Apostasía -- Las fiestas solemnes -- Las siete columnas -- Porqué la verdad es Cristo -- La parábola del sembrador -- El día de la aflicción -- Cómo purificarse -- El mensaje del primer ángel -- El mensaje del segundo ángel -- El mensaje del tercer ángel -- La tentación del Diablo -- Orad por la lluvia tardía. | |
| 526 | _aSEG42 | ||
| 526 | _aSEG41 | ||
| 526 | _aSEG40 | ||
| 526 | _aSEG39 | ||
| 526 | _aP94 | ||
| 526 | _aP87 | ||
| 526 | _aP86 | ||
| 526 | _aP85 | ||
| 526 | _aP77 | ||
| 526 | _aP76 | ||
| 526 | _aP35 | ||
| 650 | 0 | 4 | _aPurificción. |
| 910 |
_agl _cng _d20120312 |
||
| 942 |
_2ddc _cBOOK |
||
| 949 |
_a234.4 N95 _wDEWEY _c1 _i64372 _lCCODEBUL1 _mBUL _p08.00 _r0 _sY _tLIBRO _u2015-07-06 _xBIBLIOTECA _zUNKNOWN _o.STAFF. Colección Teología |
||
| 994 |
_aC0 _bPEPRU |
||
| 596 | _a1 | ||
| 999 |
_a234.4 N95 _wDEWEY _c53146 _i64372 _d53146 _e2017-6-4 _f2021-11-10 _g5 _lCCODEBUL1 _mBUL _n3 _p8.00 _q3 _r0 _sY _tBOOK _u2015-7-6 _xTEOLOGIA _PP35 _0COMPRA _o.STAFF. Colección Teología |
||
| 980 |
_81 _gALBERTO SANCHEZ Responsable de Automatización |
||